000 01122nam a22002537a 4500
003 OSt
005 20250911165200.0
008 240222b ||||| |||| 00| 0 eng d
040 _c0
082 _aDPer 621.317 Ie21 May 2022 v. 37 n. 5
100 _aGao, Yucheng.
_eauthor.
_953039
245 _aModeling and design of high-power, high-current-ripple planar inductors /
_cYucheng Gao, Vivek Sankaranarayanan, Ercan M. Dede, Yuqing Zhou, Feng Zhou, Robert W. Erickson, and Dragan Maksimovic.
260 _aNew York ;
_bThe Institute of Electrical and Electronics Engineers, Inc. ,
_cMay 2022.
300 _aVolume 37, pages 5816-5832 :
_billustration ;
_c28 cm.
500 _aIEEE Transactions on Power Electronics, vol. 37, no. 5, pages 5816-5832, May 2022.
700 _aGao, Yucheng.
_eauthor.
_953039
700 _aSankaranarayanan, Vivek.
_eauthor.
_953040
700 _aDede, Ercan M.
_eauthor.
_953041
700 _aZhou, Yuqing.
_eauthor.
_953042
700 _aZhou, Feng.
_eauthor.
_953043
700 _aErickson, Robert W.
_eauthor.
_953044
700 _aMaksimovic, Dragan.
_eauthor.
_953045
942 _2ddc
_cPER
999 _c19291
_d19291